000 00621nam a2200229Ia 4500
003 OSt
005 20221007071658.0
006 a|||||r|||| 00| 0
007 ta
008 221006b |||||||| |||| 00| 0 eng d
024 _a13,050
037 _cTextual
040 _aFLL
_cFLL
_beng
041 _2eng
_aeng
082 _aV61:2:9Z, J5
100 _aMay Henry John Au.
_9689211
245 0 _aSouth African constitution
260 _aLondon
_bGeorge Allen & Unwin ltd. London
_c1955
300 _axix,678p
_ccm.
942 _hV61:2:9Z, J5
_cTEXL
_2CC
999 _c1143969
_d1143969